| 000 | 00516nam a2200169Ia 4500 | ||
|---|---|---|---|
| 003 | GCL | ||
| 008 | 140319s9999 xx 000 0 ara d | ||
| 040 |
_aGCL / _cGCL |
||
| 082 | 0 | 4 |
_a813.01 _bى ل |
| 100 | 1 | _aيوسف ادريس | |
| 245 | 1 | 0 |
_aلغة الاى الاى (هدية من الاديب عبدالفتاح الجمل) / _cيوسف ادريس |
| 300 | _a160 ص | ||
| 490 |
_aالكتاب الذهبى _v0 |
||
| 650 | 0 | 4 | _aالادب العربى |
| 650 | 0 | 4 | _aالقصص العربية |
| 942 |
_2ddc _cBK |
||
| 999 |
_c40116 _d40116 |
||